Critical thinking: (Record no. 10331)
[ view plain ]
| 000 -LEADER | |
|---|---|
| fixed length control field | 00651nam a22002415i 4500 |
| 003 - CONTROL NUMBER IDENTIFIER | |
| control field | IMU CC |
| 005 - DATE AND TIME OF LATEST TRANSACTION | |
| control field | 20260223113734.0 |
| 008 - FIXED-LENGTH DATA ELEMENTS--GENERAL INFORMATION | |
| fixed length control field | 190620s2019 cou 000 0 eng |
| 020 ## - INTERNATIONAL STANDARD BOOK NUMBER | |
| International Standard Book Number | 9781529718522 |
| 040 ## - CATALOGING SOURCE | |
| Original cataloging agency | IMU CC |
| 041 0# - LANGUAGE CODE | |
| Language code of text/sound track or separate title | eng |
| 082 00 - DEWEY DECIMAL CLASSIFICATION NUMBER | |
| Edition number | 23 |
| Classification number | 153.42 |
| Item number | CHA |
| 100 ## - MAIN ENTRY--PERSONAL NAME | |
| Personal name | Chatfield, Tom |
| Relator term | author. |
| 9 (RLIN) | 4448 |
| 245 10 - TITLE STATEMENT | |
| Title | Critical thinking: |
| Remainder of title | your essential guide / |
| Statement of responsibility, etc. | Tom Chatfield. |
| 250 ## - EDITION STATEMENT | |
| Edition statement | 2nd ed. |
| 260 ## - PUBLICATION, DISTRIBUTION, ETC. | |
| Place of publication, distribution, etc. | London: |
| Name of publisher, distributor, etc. | SAGE Publications, |
| Date of publication, distribution, etc. | 2022. |
| 300 ## - PHYSICAL DESCRIPTION | |
| Extent | xi, 370 p.; |
| Dimensions | 24 cm. |
| 336 ## - CONTENT TYPE | |
| Content type term | text |
| Content type code | txt |
| Source | rdacontent |
| 650 #0 - SUBJECT ADDED ENTRY--TOPICAL TERM | |
| Topical term or geographic name entry element | Being reasonable |
| 9 (RLIN) | 4449 |
| 650 #0 - SUBJECT ADDED ENTRY--TOPICAL TERM | |
| Topical term or geographic name entry element | Cognitive bias |
| 9 (RLIN) | 4450 |
| 856 ## - ELECTRONIC LOCATION AND ACCESS | |
| Link text | BK |
| 942 ## - ADDED ENTRY ELEMENTS (KOHA) | |
| Koha item type | Books |
| Source of classification or shelving scheme | Dewey Decimal Classification |
| Withdrawn status | Lost status | Source of classification or shelving scheme | Damaged status | Not for loan | Home library | Current library | Shelving location | Date acquired | Source of acquisition | Cost, normal purchase price | Total Checkouts | Full call number | Barcode | Date last seen | Price effective from | Koha item type |
|---|---|---|---|---|---|---|---|---|---|---|---|---|---|---|---|---|
| Dewey Decimal Classification | IMU Chennai Uthandi Library | IMU Chennai Uthandi Library | General Stacks | 03/11/2025 | M/s. T V Enterprises; 414/25-26 Dt.13.10.2025 | 2430.00 | 153.42 CHA | 24014 | 03/11/2025 | 03/11/2025 | Books | |||||
| Dewey Decimal Classification | IMU Chennai Uthandi Library | IMU Chennai Uthandi Library | General Stacks | 03/11/2025 | M/s. T V Enterprises; 414/25-26 Dt.13.10.2025 | 2430.00 | 153.42 CHA | 24015 | 03/11/2025 | 03/11/2025 | Books | |||||
| Dewey Decimal Classification | IMU Chennai Uthandi Library | IMU Chennai Uthandi Library | General Stacks | 03/11/2025 | M/s. T V Enterprises; 414/25-26 Dt.13.10.2025 | 2430.00 | 153.42 CHA | 24016 | 03/11/2025 | 03/11/2025 | Books | |||||
| Dewey Decimal Classification | IMU Chennai Uthandi Library | IMU Chennai Uthandi Library | General Stacks | 03/11/2025 | M/s. T V Enterprises; 414/25-26 Dt.13.10.2025 | 2430.00 | 153.42 CHA | 24017 | 03/11/2025 | 03/11/2025 | Books | |||||
| Dewey Decimal Classification | IMU Chennai Uthandi Library | IMU Chennai Uthandi Library | General Stacks | 03/11/2025 | M/s. T V Enterprises; 414/25-26 Dt.13.10.2025 | 2430.00 | 153.42 CHA | 24018 | 03/11/2025 | 03/11/2025 | Books | |||||
| Dewey Decimal Classification | IMU Chennai Uthandi Library | IMU Chennai Uthandi Library | General Stacks | 03/11/2025 | M/s. T V Enterprises; 414/25-26 Dt.13.10.2025 | 2430.00 | 153.42 CHA | 24019 | 03/11/2025 | 03/11/2025 | Books | |||||
| Dewey Decimal Classification | IMU Chennai Uthandi Library | IMU Chennai Uthandi Library | General Stacks | 03/11/2025 | M/s. T V Enterprises; 414/25-26 Dt.13.10.2025 | 2430.00 | 153.42 CHA | 24020 | 03/11/2025 | 03/11/2025 | Books | |||||
| Dewey Decimal Classification | IMU Chennai Uthandi Library | IMU Chennai Uthandi Library | General Stacks | 03/11/2025 | M/s. T V Enterprises; 414/25-26 Dt.13.10.2025 | 2430.00 | 153.42 CHA | 24021 | 03/11/2025 | 03/11/2025 | Books | |||||
| Dewey Decimal Classification | IMU Chennai Uthandi Library | IMU Chennai Uthandi Library | General Stacks | 03/11/2025 | M/s. T V Enterprises; 414/25-26 Dt.13.10.2025 | 2430.00 | 153.42 CHA | 24022 | 03/11/2025 | 03/11/2025 | Books | |||||
| Dewey Decimal Classification | IMU Chennai Uthandi Library | IMU Chennai Uthandi Library | General Stacks | 03/11/2025 | M/s. T V Enterprises; 414/25-26 Dt.13.10.2025 | 2430.00 | 153.42 CHA | 24023 | 03/11/2025 | 03/11/2025 | Books |